Koruna energetiky

Salvato in:
Dettagli Bibliografici
Natura: Libro
Lingua:slovacco
Pubblicazione: Trnava : Regatel, 1998
Edizione:1. vydanie
Tags: Aggiungi Tag
Nessun Tag, puoi essere il primo ad aggiungerne!!

MARC

LEADER 00000nam a22000003a 4500
001 0110147
003 SK-STU
005 20240620110425.2
007 ta
008 240620s ----xo-----e------000-0-----d
020 |a 80-967971-0-7 
040 |a STU  |b slo 
041 0 |a slo 
044 |a xo 
080 |a 621.31 
245 1 0 |a Koruna energetiky 
250 |a 1. vydanie 
260 |a Trnava :  |b Regatel,  |c 1998 
300 |a 103 s. 
996 |b 284EK90694  |c E* 90694  |l EE01  |s A  |a 24  |w 0110147_0001